History of the modern world : (Record no. 75393)

MARC details
000 -LEADER
fixed length control field 00606nam a22001817a 4500
005 - DATE AND TIME OF LATEST TRANSACTION
control field 20130514110853.0
010 ## - LCCN (DPL NO)
LC control number ENG-107032
020 ## - INTERNATIONAL STANDARD BOOK NUMBER
International Standard Book Number 9788120777767
Terms of availability 300.00
035 ## - SYSTEM CONTROL NUMBER
System control number EN-90565
037 ## - SOURCE OF ACQUISITION
Source of stock number/acquisition DBAD/PUB
082 ## - DEWEY DECIMAL CLASSIFICATION NUMBER
Classification number 909.08
100 ## - MAIN ENTRY--PERSONAL NAME
Personal name Rao, B. V.
245 ## - TITLE STATEMENT
Title History of the modern world :
Statement of responsibility, etc by B.V. Rao
Remainder of title as per UPSC syllabus for IAS and other civil servies examinations /
260 ## - PUBLICATION, DISTRIBUTION, ETC. (IMPRINT)
Place of publication, distribution, etc New Delhi
Name of publisher, distributor, etc Sterling Paperbacks
Date of publication, distribution, etc 2013
270 ## - ADDRESS
Address A-59, Okhla Industries Area, Phase-II
City New Delhi
Postal code 110020
300 ## - PHYSICAL DESCRIPTION
Extent xiv, 529p.:
Dimensions 24cm(pbk)
Other physical details maps
942 ## - ADDED ENTRY ELEMENTS (KOHA)
Source of classification or shelving scheme Dewey Decimal Classification
Item type English Books
Classification part 909.08
Call number suffix RAO
Holdings
Withdrawn status Lost status Not for loan Collection code Home library Current library Date acquired Source of acquisition Cost, normal purchase price Full call number Barcode Copy number Cost, replacement price Koha item type
    Not For Loan Non-fiction D.B.Act.Division D.B.Act.Division 10/05/2013 DBAD 300.00 909.08 RAO EN-90565 1 300.00 English Books

© Delhi Public Library
Hit Counter
free hit counter